Suomen 50 pinta-alaltaan suurinta kuntaa (äkkikuolema) - Statistics

Yleistilastot
  • Tätä visaa on pelattu 135 kertaa
  • Keskiarvotulos 21 / 50
Answers on the Grid
Answers color-coded by a green-red scale on the quiz's grid according to % correct below.
Ylöjärvi
Ylitornio
Virrat
Viitasaari
Vieremä
Vaala
Utsjoki
Utajärvi
Tornio
Tervola
Taivalkoski
Sysmä
Suomussalmi
Sotkamo
Sonkajärvi
Sodankylä
Simo
Siikalatva
Siikajoki
Seinäjoki
Savukoski
Savonlinna
Sastamala
Salo
Salla
Saarijärvi
Ruovesi
Ruokolahti
Rovaniemi
Rautavaara
Ranua
Rantasalmi
Raasepori
Raahe
Pyhäjärvi
Puumala
Puolanka
Pudasjärvi
Posio
Pori
Polvijärvi
Pihtipudas
Pielavesi
Pieksämäki
Pello
Pelkosenniemi
Parkano
Paltamo
Oulu
Orivesi
Nurmes
Närpiö
Muonio
Mikkeli
Mäntyharju
Lohja
Liperi
Lieksa
Leppävirta
Lappeenranta
Lapinlahti
Kuusamo
Kurikka
Kuopio
Kuhmoinen
Kuhmo
Kouvola
Kontiolahti
Kolari
Kokkola
Kiuruvesi
Kittilä
Kitee
Keuruu
Kemijärvi
Kauhava
Kauhajoki
Karstula
Kankaanpää
Kangasniemi
Kalajoki
Kajaani
Jyväskylä
Juva
Juuka
Joutsa
Joensuu
Jämsä
Inari
Ilomantsi
Ii
Hyrynsalmi
Heinävesi
Hämeenlinna
Haapavesi
Enontekiö
Alavus
Alajärvi
Ähtäri
Äänekoski
 
Vastaustilastot
Vastaus % Oikein
Rovaniemi
82%
Kuusamo
75%
Oulu
75%
Sodankylä
68%
Inari
66%
Kittilä
66%
Enontekiö
64%
Salla
64%
Joensuu
61%
Taivalkoski
59%
Kajaani
57%
Kemijärvi
57%
Kolari
57%
Savukoski
57%
Pudasjärvi
55%
Suomussalmi
55%
Utsjoki
55%
Mikkeli
52%
Muonio
52%
Ranua
50%
Kouvola
48%
Kuhmo
48%
Kuopio
48%
Lieksa
48%
Pelkosenniemi
45%
Savonlinna
45%
Ilomantsi
43%
Lappeenranta
43%
Pello
43%
Salo
41%
Hämeenlinna
36%
Posio
36%
Sotkamo
36%
Nurmes
32%
Puolanka
30%
Sastamala
27%
Ylitornio
25%
Ii
23%
Siikalatva
23%
Sonkajärvi
20%
Jämsä
18%
Juuka
18%
Pieksämäki
16%
Kurikka
14%
Mäntyharju
14%
Tervola
14%
Vaala
14%
Viitasaari
11%
Kitee
9%
Utajärvi
9%
Ehtoja vastaavia visoja ei löytynyt
Tulosjakauma
Jokaisen tuloksen saaneiden osuus
Persentiili vastausten määrän mukaan
Tuloshistoriasi
Et ole pelannut tätä visaa